| 000 | 00717nam a22002057a 4500 | ||
|---|---|---|---|
| 003 | OSt | ||
| 005 | 20230130231619.0 | ||
| 008 | 230127b |||||||| |||| 00| 0 sp d | ||
| 040 |
_acunsuroc _besp _ccunsuroc ana |
||
| 041 | _hGT | ||
| 082 |
_26a. _a001.4 Z93:6 |
||
| 100 |
_aZuñiga Dieguez, Guillermo _92996 |
||
| 245 |
_aTécnicas de estudio e investigación Documental _bpara nivel pre Universitario. _cZuñiga Dieguez, Guillermo _hfísico |
||
| 250 | _a6a. | ||
| 260 |
_aGuatemala _bLitografía Llerena _c2002 |
||
| 300 |
_a145 p. _c27.5 cm. |
||
| 365 |
_b1 _d58.04 _jGT |
||
| 650 |
_2Método Científico _aInvestigación-Diseño Investigación _92997 |
||
| 942 |
_2ddc _cBK _e6a. _h001.4 Z96:6 _n0 |
||
| 999 |
_c988 _d988 |
||